000
00315nam a2200121Ia 4500
005
20251222154417.0
008
251222s9999||||xx |||||||||||||| ||spa||
020
_a
987-9065-69-7
082
_a
153.35/G35
100
_a
"Gellatly, Angus Zárate, óscar"
245
0
_a
Mente y cerebro para principiantes
942
_c
LIB
999
_c
35889
_d
35889